Anglicko-český a česko-anglický kapesni slovnik.

Bibliographic Details
Other Authors: Hais, Karel
Format: Book
Language:English
Published: Praha : Státní pedagogické nakladatelství, 1967 [1960]
Edition:[5. vyd.].
Series:Oboustranné kapesni slovniky
Subjects:

MARC

Tag First Indicator Second Indicator Subfields
LEADER 00000cam a2200000 4500
001 in00001442721
005 20151020105702.0
008 750709s1967 xr 000 0 eng d
035 |a (OCoLC)01438624 
035 |9 AJB4127AM 
040 |a LAP  |c LAP  |d TXA  |d UtOrBLW 
049 |a TXAM 
090 |a PG4640  |b .H35 1967 
092 |a 491.86  |b An589 
245 0 0 |a Anglicko-český a česko-anglický kapesni slovnik. 
250 |a [5. vyd.]. 
264 1 |a Praha :  |b Státní pedagogické nakladatelství,  |c 1967 [1960] 
300 |a 570 pages ;  |c 12 cm. 
336 |a text  |b txt  |2 rdacontent 
337 |a unmediated  |b n  |2 rdamedia 
338 |a volume  |b nc  |2 rdacarrier 
490 0 |a Oboustranné kapesni slovniky 
500 |a At head of title: Karel Hais. 
650 0 |a English language  |v Dictionaries  |x Czech. 
650 0 |a Czech language  |v Dictionaries  |x English. 
700 1 |a Hais, Karel. 
999 |a MARS 
999 f f |s 7d0c8454-1b33-3673-a409-a1e1f9c072b4  |i 6b70e4b6-e301-3ee9-aca5-c020bf561c22  |t 0 
952 f f |p ric  |a Texas A&M University  |b Rellis Campus  |c Joint Library Facility  |s JLF  |d Remote Storage  |t 0  |e PG4640 .H35 1967  |h Library of Congress classification  |i unmediated -- volume  |m A14826151127 
998 f f |a PG4640 .H35 1967  |t 0  |l Remote Storage